Cinq cents A en trente secondes - Statistiques

Statistiques générales
  • Ce quiz a été pris 597 fois
  • Le résultat moyen est 265 sur 500
Statistiques - réponses
A % Correct
A
100%
A
99%
A
99%
A
98%
A
98%
A
98%
A
97%
A
96%
A
96%
A
96%
A
96%
A
96%
A
96%
A
96%
A
96%
A
96%
A
96%
A
96%
A
96%
A
96%
A
95%
A
95%
A
95%
A
95%
A
95%
A
95%
A
95%
A
95%
A
95%
A
95%
A
95%
A
95%
A
95%
A
95%
A
95%
A
95%
A
95%
A
95%
A
95%
A
95%
A
95%
A
95%
A
95%
A
95%
A
95%
A
95%
A
94%
A
94%
A
94%
A
94%
A
94%
A
94%
A
94%
A
94%
A
94%
A
94%
A
94%
A
94%
A
94%
A
94%
A
94%
A
94%
A
94%
A
94%
A
94%
A
94%
A
94%
A
93%
A
93%
A
93%
A
93%
A
93%
A
93%
A
93%
A
93%
A
93%
A
92%
A
92%
A
92%
A
92%
A
92%
A
92%
A
92%
A
92%
A
92%
A
92%
A
92%
A
92%
A
92%
A
92%
A
92%
A
92%
A
92%
A
92%
A
92%
A
91%
A
91%
A
91%
A
91%
A
91%
A
90%
A
90%
A
90%
A
90%
A
90%
A
90%
A
90%
A
90%
A
90%
A
90%
A
90%
A
90%
A
90%
A
90%
A
90%
A
89%
A
89%
A
89%
A
89%
A
89%
A
89%
A
89%
A
89%
A
89%
A
89%
A
88%
A
88%
A
88%
A
87%
A
87%
A
87%
A
86%
A
86%
A
86%
A
86%
A
86%
A
86%
A
86%
A
86%
A
86%
A
86%
A
85%
A
85%
A
85%
A
85%
A
85%
A
85%
A
84%
A
84%
A
83%
A
83%
A
83%
A
82%
A
81%
A
81%
A
81%
A
80%
A
80%
A
80%
A
80%
A
78%
A
78%
A
77%
A
77%
A
77%
A
77%
A
75%
A
74%
A
73%
A
72%
A
72%
A
71%
A
71%
A
71%
A
70%
A
70%
A
70%
A
69%
A
69%
A
69%
A
68%
A
67%
A
66%
A
65%
A
64%
A
63%
A
63%
A
61%
A
61%
A
61%
A
61%
A
60%
A
59%
A
59%
A
57%
A
55%
A
55%
A
54%
A
54%
A
53%
A
52%
A
51%
A
51%
A
51%
A
50%
A
49%
A
48%
A
48%
A
46%
A
45%
A
44%
A
43%
A
43%
A
43%
A
43%
A
42%
A
41%
A
41%
A
41%
A
40%
A
40%
A
39%
A
39%
A
39%
A
39%
A
37%
A
37%
A
37%
A
37%
A
37%
A
36%
A
35%
A
34%
A
34%
A
34%
A
34%
A
34%
A
34%
A
34%
A
34%
A
34%
A
33%
A
33%
A
33%
A
33%
A
33%
A
33%
A
33%
A
33%
A
33%
A
33%
A
33%
A
33%
A
33%
A
33%
A
33%
A
32%
A
32%
A
32%
A
32%
A
32%
A
32%
A
31%
A
31%
A
31%
A
31%
A
31%
A
31%
A
31%
A
31%
A
31%
A
31%
A
31%
A
31%
A
31%
A
31%
A
31%
A
31%
A
31%
A
30%
A
30%
A
30%
A
30%
A
30%
A
30%
A
30%
A
30%
A
30%
A
30%
A
30%
A
30%
A
30%
A
30%
A
30%
A
30%
A
30%
A
30%
A
30%
A
30%
A
30%
A
30%
A
30%
A
30%
A
30%
A
30%
A
30%
A
30%
A
30%
A
30%
A
30%
A
30%
A
29%
A
29%
A
29%
A
29%
A
29%
A
29%
A
29%
A
29%
A
29%
A
29%
A
29%
A
29%
A
29%
A
29%
A
29%
A
29%
A
29%
A
29%
A
29%
A
29%
A
29%
A
29%
A
29%
A
29%
A
29%
A
29%
A
29%
A
29%
A
29%
A
29%
A
29%
A
29%
A
29%
A
29%
A
29%
A
29%
A
29%
A
29%
A
29%
A
29%
A
29%
A
29%
A
29%
A
29%
A
29%
A
29%
A
29%
A
29%
A
29%
A
29%
A
29%
A
29%
A
29%
A
29%
A
29%
A
29%
A
29%
A
29%
A
29%
A
29%
A
29%
A
29%
A
29%
A
29%
A
28%
A
28%
A
28%
A
28%
A
28%
A
28%
A
28%
A
28%
A
28%
A
28%
A
28%
A
28%
A
28%
A
28%
A
28%
A
28%
A
28%
A
28%
A
28%
A
28%
A
28%
A
28%
A
28%
A
28%
A
28%
A
28%
A
28%
A
28%
A
28%
A
28%
A
28%
A
28%
A
28%
A
28%
A
28%
A
28%
A
28%
A
28%
A
28%
A
28%
A
28%
A
28%
A
28%
A
28%
A
28%
A
28%
A
28%
A
28%
A
28%
A
28%
A
28%
A
28%
A
28%
A
28%
A
28%
A
28%
A
28%
A
28%
A
28%
A
28%
A
28%
A
28%
A
28%
A
28%
A
28%
A
28%
A
28%
A
28%
A
28%
A
28%
A
28%
A
28%
A
28%
A
28%
A
28%
A
28%
A
28%
A
28%
A
28%
A
28%
A
28%
A
28%
A
28%
A
28%
A
28%
A
28%
A
28%
A
28%
A
28%
A
28%
A
28%
A
28%
A
28%
A
28%
A
28%
A
28%
A
28%
A
28%
A
28%
A
28%
A
28%
A
28%
A
28%
A
28%
A
28%
A
28%
A
28%
A
28%
A
28%
A
28%
A
28%
A
28%
A
28%
A
28%
A
28%
A
28%
A
28%
A
28%
A
28%
A
28%
A
28%
A
28%
A
28%
A
28%
A
28%
Aucun quiz correspondant
Distribution des résultats
% des personnes avec chaque résultat
Percentile par nombre de réponses
Votre historique - résultats
Vous n’avez pas pris ce quiz